Türk anayasa hukuku (Record no. 1477)

MARC details
000 -BAŞLIK
Sabit Uzunlukta Kontrol Alanı 00659na a2200253 4500
001 - KONTROL NUMARASI
Denetim Alanı 16959
003 - KONTROL NUMARASI IDENTIFIER
Denetim Alanı MIRAKIL
005 - SON İŞLEM TARİHİ VE ZAMANI
Denetim Alanı 20181213154824.0
008 - SABİT-BOY VERİ ELEMANLARI - GENEL BİLGİLER
Sabit Uzunlukta Kontrol Alanı 161018b tu 000 0
020 ## - ULUSLARARASI STANDART KİTAP NUMARASI
Uluslararası Standart Kitap Numarası 9754640009
040 ## - KATALOGLAMA KAYNAK
Orijinal Kataloglama Ajansı Milas
Kataloglama Dili tur
Metne Dönüştürmek Ajansı TR-AnCHP
041 ## - DİL KODU
Metin / Ses Parça Veya Ayrı Başlığın Dil Kodu tur
082 ## - DEWEY ONLU SINIFLANDIRMA NUMARASI
Sınıflandırma Numarası 342.561
Ürün Numarası Ö91t 2004
090 ## - SINIFLAMA NUMARASI
Sınıflama Numarası 342.561 Ö91t 2004
100 ## - ANA GİRİŞ - KİŞİSEL İSİM
Kişisel Ad Özbudun, Ergun
Bir Adıyla İlişkilendirilen Tarihler 1937-
245 ## - BAŞLIK TABLOSU
Başlık Türk anayasa hukuku
Sorumluluk Tablosu, Vb Ergun Özbudun
250 ## - EDITION TABLOSU
Baskı Beyanı gözd. gçrl. 8. bs.
260 ## - YAYIN, DAĞITIM, VB
Yayın, Dağıtım, Vb Yeri Ankara
Yayıncı, Dağıtıcı, Vs Adı Yetkin
Yayın, Dağıtım, Vb Tarihi 2004
300 ## - FİZİKSEL TANIM
Kapsam 436 s.
Boyutlar 24 sm.
500 ## - GENEL NOT
Genel Not Dizin var.
650 ## - KONU KATMA GİRİŞ - TOPİKAL DÖNEM
Topikal Süreli Veya Coğrafi Ad Giriş Elemanı Anayasa hukuku
Coğrafi Alt Bölümü Türkiye
651 ## - KONU KATMA GİRİŞ - COĞRAFİ ADI
Coğrafi İsim Türkiye
Genel Alt Bölümü Anayasa
Coğrafi Alt Bölümü Tarih
942 ## - EKLENDİ GİRİŞ ELEMANLARI (KOHA)
Sınıflandırma Veya Raf Düzeni Kaynak Dewey Decimal Classification
Koha Öğesi Türü Books
999 ## - SİSTEM KONTROL NUMARALARI (KOHA)
Koha Biblionumber 1477
Koha Biblioitemnumber 1477
Holdings
Kalıcı Konum Mevcut Konum Edinme Tarihi Edinim Kaynak Toplam Check-Out'Lar Tam Çağrı Numarası Barkod Tarih Son Görülme Tarihi Geçen Teslim İtibaren Geçerli Fiyatlar Koha Öğesi Türü
CHP Kütüphanesi CHP Kütüphanesi 10/18/2016 Bağış 1 342.561 Ö91t 2004 005428 04/11/2019 04/08/2019 10/18/2016 Books